00684nam a2200181 a 450000100100000000500170001000800410002702000150006804000250008308200080010810000310011624501170014726000510026430000320031570000300034795201080037799900170048500004012920201002033932.0130808s1983 xxuad 000 0 spa d a025603088X aDO-SdBNPbspacBNPHU axxx1 aTate Jr., Curtis E.96639310aBusiness policy :bAdministrative, strategic, and constituency issues /cCurtis E. Tate, Jr., Marilyn L. Taylor. aDallas, Texas :bBusiness Publications,c1983. aix, 706 p. :bil. ;c25 cm.1 aTaylor, Marilyn L.966394 001050718MOaGRbGRcCTd2013-08-08iLF1l0oxxx p40129-10r2020-06-25w2020-06-25y1ZNo se presta c39619d39619